[Event "2nd 4NCL Spring Bank 2019"]
[Site "Basingstoke ENG"]
[Date "2019.05.25"]
[Round "2.5"]
[White "Brown, Th"]
[Black "Zakarian, D."]
[Result "1/2-1/2"]
[WhiteElo "2086"]
[BlackElo "2341"]
[PlyCount "40"]
[EventDate "2019.05.24"]

1. d4 Nf6 2. c4 e6 3. Nc3 d5 4. Nf3 Bb4 5. e3 O-O 6. Bd3 dxc4 7. Bxc4 Ne4 8.
Qc2 Nxc3 9. bxc3 Bd6 10. e4 c5 11. e5 Be7 12. Bd3 h6 13. Qe2 Nd7 14. Bxh6 gxh6
15. Qe4 f5 16. exf6 Rxf6 17. Qh7+ Kf8 18. Qh8+ Kf7 19. Qh7+ Kf8 20. Qh8+ Kf7
1/2-1/2

[Event "Limburg Open"]
[Site "?"]
[Date "2019.06.07"]
[Round "1.21"]
[White "Grooten, Herman"]
[Black "Kett, Tim"]
[Result "1/2-1/2"]
[WhiteElo "2335"]
[BlackElo "2197"]
[PlyCount "61"]
[EventDate "2008.??.??"]

1. d4 Nf6 2. c4 e5 3. dxe5 Ne4 4. a3 d6 5. Nf3 Nc6 6. Bf4 Be6 7. e3 g5 8. Bg3
Nxg3 9. hxg3 g4 10. Nd4 Nxe5 11. Qc2 Qd7 12. Rxh7 Rxh7 13. Qxh7 O-O-O 14. Nd2
Be7 15. O-O-O Bf6 16. Nxe6 Qxe6 17. Qc2 d5 18. cxd5 Rxd5 19. Nb3 Rxd1+ 20. Kxd1
b6 21. Nd4 Qd6 22. Ba6+ Kd8 23. Ke2 c5 24. Nb5 Qd5 25. Qf5 Ke7 26. Nxa7 Qb3 27.
Ke1 Qxb2 28. f4 gxf3 29. gxf3 c4 30. Kf1 Nd3 31. Kg1 1/2-1/2

[Event "Teplice Open"]
[Site "?"]
[Date "2019.06.18"]
[Round "4.15"]
[White "Kett, Tim"]
[Black "Blohberger, Felix"]
[Result "1-0"]
[WhiteElo "2197"]
[BlackElo "2475"]
[PlyCount "99"]
[EventDate "2019.??.??"]

1. d4 Nf6 2. Nc3 d5 3. Bf4 c5 4. e3 cxd4 5. exd4 a6 6. Nf3 Nc6 7. Ne5 Bd7 8.
Be2 e6 9. O-O Qb6 10. Nxc6 Bxc6 11. Rb1 Be7 12. Qd3 O-O 13. Rfd1 Rfc8 14. a3
Qd8 15. Qg3 b5 16. Be5 Qd7 17. Rd3 a5 18. Rf3 Ne8 19. Bd3 f6 20. Qh3 g6 21. Bf4
b4 22. axb4 axb4 23. Ne2 Ng7 24. Re1 Ra2 25. g4 Rca8 26. Qh6 Bf8 27. Qh4 Ra1
28. Nc1 e5 29. dxe5 fxe5 30. Rh3 e4 31. Qxh7+ Kf7 32. Be2 Bc5 33. Be3 d4 34.
Rh6 dxe3 35. Qxg6+ Kg8 36. Qh7+ Kf8 37. Rf6+ Ke7 38. Qxg7+ Kd8 39. Rd1 Rxc1 40.
Qxd7+ Bxd7 41. Rxc1 Ke7 42. Rf4 exf2+ 43. Rxf2 Ra2 44. Rb1 Ra8 45. Kf1 Bxf2 46.
Kxf2 Rc8 47. Rc1 Kf6 48. h4 Ke5 49. Ke3 Be6 50. h5 1-0

[Event "16th South Wales Int 2019"]
[Site "Cardiff WLS"]
[Date "2019.07.07"]
[Round "1.10"]
[White "Murphy, Conor E"]
[Black "Robinson, Dav"]
[Result "1/2-1/2"]
[WhiteElo "2362"]
[BlackElo "1840"]
[PlyCount "37"]
[EventDate "2019.07.07"]

1. e4 d5 2. exd5 Qxd5 3. Nc3 Qa5 4. d4 Nf6 5. Bc4 c6 6. Bd2 Bf5 7. Nd5 Qd8 8.
Nxf6+ gxf6 9. Nf3 e6 10. O-O Qc7 11. Re1 Nd7 12. Nh4 Bg6 13. Bxe6 fxe6 14.
Rxe6+ Kf7 15. Qe2 Bd6 16. Re1 Nf8 17. Qg4 Nxe6 18. Qxe6+ Kg7 19. Bh6+ 1/2-1/2

[Event "16th South Wales Int 2019"]
[Site "Cardiff WLS"]
[Date "2019.07.07"]
[Round "2.6"]
[White "Garcia, Jas"]
[Black "Arkell, K."]
[Result "1/2-1/2"]
[WhiteElo "2053"]
[BlackElo "2461"]
[PlyCount "115"]
[EventDate "2019.07.07"]

1. Nf3 b5 2. e4 Bb7 3. Bxb5 Bxe4 4. d4 Nf6 5. O-O e6 6. c4 c6 7. Ba4 Be7 8. Nc3
Bxf3 9. Qxf3 O-O 10. Bc2 d5 11. c5 Nbd7 12. Bf4 g6 13. b4 Nh5 14. Bh6 Re8 15.
g4 Bg5 16. Bxg5 Qxg5 17. b5 Rec8 18. bxc6 Nb8 19. Ba4 Nxc6 20. Bxc6 Rxc6 21.
Kh1 Nf6 22. h3 h5 23. gxh5 Nxh5 24. Ne2 Qf6 25. Qe3 Ng7 26. Ng3 Nf5 27. Nxf5
Qxf5 28. Rfe1 Rb8 29. Rad1 Rb2 30. Kg2 Rxa2 31. Rb1 Kg7 32. Rb8 Rca6 33. Qg3
R6a3 34. Re3 Rxe3 35. Qxe3 Qe4+ 36. Kg3 Qxe3+ 37. fxe3 Kf6 38. Rb7 g5 39. Rb3
Ra6 40. h4 gxh4+ 41. Kxh4 Kf5 42. Rc3 Rc6 43. Ra3 Rc7 44. Kg3 Ke4 45. Kf2 f6
46. Ra6 Re7 47. Rd6 f5 48. c6 f4 49. exf4 Kxd4 50. Rd7 Re8 51. Rxa7 Rc8 52. c7
Ke4 53. Ra6 Rxc7 54. Rxe6+ Kd3 55. f5 d4 56. f6 Rc5 57. Kf3 Rf5+ 58. Kg4
1/2-1/2

[Event "16th South Wales Int 2019"]
[Site "Cardiff WLS"]
[Date "2019.07.08"]
[Round "3.5"]
[White "Blackburn, J."]
[Black "Petrov, Marij"]
[Result "1-0"]
[WhiteElo "2217"]
[BlackElo "2463"]
[PlyCount "79"]
[EventDate "2019.07.07"]

1. d4 g6 2. c4 Bg7 3. e4 c5 4. d5 d6 5. Nc3 Nf6 6. h3 O-O 7. Nf3 e6 8. Bd3 Na6
9. O-O Nc7 10. Re1 Rb8 11. Bg5 h6 12. Bh4 e5 13. Nd2 a6 14. a4 Qe8 15. Rb1 b6
16. a5 bxa5 17. Nb3 Nh5 18. Nxa5 Bd7 19. Bc2 f5 20. exf5 gxf5 21. Nc6 Bxc6 22.
dxc6 Qg6 23. Nd5 Nxd5 24. Qxd5+ Rf7 25. g4 Nf4 26. Bxf5 Qxf5 27. gxf5 Nxd5 28.
cxd5 Bf6 29. Bxf6 Rxf6 30. f4 exf4 31. Re6 Kf7 32. Rxf6+ Kxf6 33. Re1 Kxf5 34.
Re6 c4 35. Rxd6 Ke5 36. Rd7 Rb5 37. c7 Rc5 38. d6 c3 39. bxc3 Rxc3 40. Rd8 1-0

[Event "16th South Wales Int 2019"]
[Site "Cardiff WLS"]
[Date "2019.07.10"]
[Round "6.4"]
[White "Toczek, G."]
[Black "Roberson, P."]
[Result "1/2-1/2"]
[WhiteElo "2249"]
[BlackElo "2429"]
[PlyCount "90"]
[EventDate "2019.07.07"]

1. Nf3 Nf6 2. d4 e6 3. g3 b5 4. Bg2 Bb7 5. O-O Be7 6. Nbd2 O-O 7. a4 b4 8. c4
bxc3 9. bxc3 c5 10. Rb1 Qc7 11. Ba3 Na6 12. e4 d5 13. exd5 Nxd5 14. Ne5 cxd4
15. Bxe7 Qxe7 16. cxd4 Nab4 17. Qb3 a5 18. Rfc1 Rfc8 19. Ne4 Nb6 20. Nc5 Bxg2
21. Kxg2 Rd8 22. Qf3 Rd5 23. Nc4 Nxc4 24. Rxc4 Rad8 25. Nb3 Rf5 26. Qe4 Qf6 27.
Rb2 Nd5 28. Nc5 h5 29. h4 Qg6 30. Rb3 Nf6 31. Qe2 Ng4 32. f3 Nh6 33. Nd3 Qf6
34. Ne5 g5 35. hxg5 Rxg5 36. f4 Qxf4 37. Rf3 Qh4 38. d5 Rxe5 39. Qxe5 Qxc4 40.
Qg5+ Kh7 41. Qxd8 Qe2+ 42. Rf2 Qe4+ 43. Kg1 Qe1+ 44. Kg2 Qe4+ 45. Kg1 Qe1+
1/2-1/2

[Event "16th South Wales Int 2019"]
[Site "Cardiff WLS"]
[Date "2019.07.12"]
[Round "9.4"]
[White "Bullen, Alex"]
[Black "Siddharth, Jagadeesh"]
[Result "1/2-1/2"]
[WhiteElo "2118"]
[BlackElo "2410"]
[PlyCount "103"]
[EventDate "2019.07.07"]

1. d4 Nf6 2. Nf3 c5 3. e3 g6 4. Be2 Bg7 5. O-O O-O 6. dxc5 Qc7 7. a3 Qxc5 8. b4
Qc7 9. Bb2 d6 10. c4 b6 11. Nc3 Bb7 12. Qb3 Nbd7 13. Rac1 Rfc8 14. Rfd1 Qd8 15.
Na4 Rab8 16. Qa2 Qe8 17. Nc3 a6 18. h3 Rc7 19. Nb1 Rbc8 20. Nbd2 Nb8 21. Bd4 b5
22. Bb2 bxc4 23. Bxc4 Nbd7 24. Be2 Nb6 25. Rxc7 Rxc7 26. Rc1 Rxc1+ 27. Bxc1 Qc6
28. Bb2 Na4 29. Bxf6 Bxf6 30. Qc4 Nc3 31. Bd3 Qa4 32. Qb3 Qc6 33. Qc4 Qa4 34.
Qb3 Qd7 35. Qc4 Kg7 36. Nd4 Na4 37. Bc2 Nb6 38. Qd3 e5 39. N4b3 Qc7 40. Na5 Bc8
41. e4 Bg5 42. Ndc4 Nxc4 43. Qxc4 Qd7 44. Bb3 Qe8 45. Qc7 Qd7 46. Qc4 Bd8 47.
Nc6 Bb6 48. a4 Bb7 49. b5 axb5 50. axb5 Bxc6 51. Qxc6 Qxc6 52. bxc6 1/2-1/2

[Event "Riga University Open"]
[Site "?"]
[Date "2019.08.07"]
[Round "5.57"]
[White "Gagare, Shardul"]
[Black "Kett, Tim"]
[Result "1/2-1/2"]
[WhiteElo "2487"]
[BlackElo "2245"]
[PlyCount "65"]
[EventDate "2019.??.??"]

1. Nf3 Nf6 2. g3 g6 3. b3 Bg7 4. Bb2 O-O 5. Bg2 d6 6. d4 Nbd7 7. O-O e5 8. dxe5
Ng4 9. c4 dxe5 10. h3 Nh6 11. Qc1 f6 12. Nc3 c6 13. Rd1 Nf7 14. Ne4 f5 15. Nd6
Nxd6 16. Rxd6 Qe7 17. c5 e4 18. Bxg7 Qxg7 19. Ng5 Ne5 20. f4 exf3 21. exf3 h6
22. f4 hxg5 23. fxe5 f4 24. Qc3 f3 25. Bxf3 Bxh3 26. g4 Rf4 27. Qd3 Qxe5 28.
Qxg6+ Kf8 29. Qh6+ Ke7 30. Qh7+ Kf8 31. Qh6+ Ke7 32. Qh7+ Kf8 33. Qh6+ 1/2-1/2

[Event "1st Welsh Masters 2019"]
[Site "Bridgend WLS"]
[Date "2019.08.28"]
[Round "6.1"]
[White "Turner, Ma"]
[Black "Toczek, G."]
[Result "1/2-1/2"]
[WhiteElo "2519"]
[BlackElo "2246"]
[PlyCount "116"]
[EventDate "2019.08.26"]

1. Nf3 g6 2. e4 c6 3. d4 d5 4. exd5 cxd5 5. c4 Nf6 6. Nc3 Bg7 7. Bg5 Be6 8. Qb3
dxc4 9. Bxc4 Bxc4 10. Qxc4 O-O 11. O-O Nbd7 12. Rfe1 Nb6 13. Qb3 h6 14. Bh4 g5
15. Bg3 e6 16. h4 Nh5 17. Be5 g4 18. Nh2 g3 19. Nf3 gxf2+ 20. Kxf2 Nf6 21. Bxf6
Bxf6 22. Re4 Nd5 23. Rae1 Rc8 24. Nxd5 Qxd5 25. Qxd5 exd5 26. Rf4 Bg7 27. Rf5
Rc2+ 28. Re2 Rfc8 29. Rxd5 Rxe2+ 30. Kxe2 Rc2+ 31. Kd3 Rxb2 32. Rd8+ Kh7 33. d5
Bf6 34. Rd7 Kg7 35. g4 Kf8 36. g5 hxg5 37. hxg5 Ke8 38. Rc7 Bd8 39. Rc8 Kd7 40.
Ra8 Bc7 41. Rxa7 Kd6 42. Kc3 Rb5 43. Nd4 Rc5+ 44. Kd3 Rxd5 45. Rxb7 Rxg5 46. a4
Rd5 47. Ke4 Re5+ 48. Kf3 Kc5 49. Nb5 Ba5 50. Rxf7 Kb4 51. Rf4+ Kb3 52. Nd4+ Ka3
53. Rh4 Bb6 54. Nc2+ Kb3 55. Rb4+ Kxc2 56. Rxb6 Ra5 57. Rb4 Kc3 58. Re4 Kb3
1/2-1/2

[Event "Welsh Masters"]
[Site "?"]
[Date "2019.08.29"]
[Round "7"]
[White "Kett, Tim"]
[Black "Taylor, Adam"]
[Result "1/2-1/2"]
[WhiteElo "2245"]
[BlackElo "2402"]
[PlyCount "129"]
[EventDate "2019.??.??"]

1. e4 c6 2. d4 d5 3. Nc3 g6 4. Be3 dxe4 5. Nxe4 Qb6 6. Nf3 Bg7 7. Bc4 Bf5 8.
Ng3 Qxb2 9. Nxf5 Qc3+ 10. Bd2 Qxc4 11. Nxg7+ Kf8 12. Nh5 gxh5 13. Ne5 Qd5 14.
O-O f6 15. c4 Qe6 16. Qf3 Nd7 17. Rab1 Nxe5 18. dxe5 Qg4 19. Qd3 b6 20. Rfe1
Qg6 21. Qd7 f5 22. Rb3 e6 23. Ree3 Qe8 24. Qd6+ Kf7 25. Rbd3 Ne7 26. Qa3 Rg8
27. Rh3 Rg7 28. Rxh5 Kg8 29. Rg5 Ng6 30. Qd6 c5 31. h4 Qe7 32. Qxe7 Nxe7 33.
Rd7 Rxg5 34. Bxg5 Nc6 35. Bf6 a6 36. Rg7+ Kf8 37. Rxh7 Ra7 38. Rh8+ Kf7 39. h5
b5 40. cxb5 axb5 41. Rc8 Nd4 42. Rxc5 Ne2+ 43. Kh2 Nf4 44. h6 Kg6 45. g3 Nh5
46. Rc6 Rxa2 47. Kg2 Nxf6 48. Rxe6 Kxh6 49. Rxf6+ Kg5 50. Rb6 Rb2 51. Kf3 b4
52. Ke3 b3 53. f4+ Kg4 54. e6 Rb1 55. Kd2 Rb2+ 56. Kd3 Rb1 57. Kd2 Rb2+ 58. Kc3
Re2 59. Kd3 Re4 60. Kc3 Re1 61. Kd4 b2 62. Rxb2 Rxe6 63. Rb3 Re4+ 64. Kd5 Re1
65. Kd4 1/2-1/2

[Event "1st Welsh Masters 2019"]
[Site "Bridgend WLS"]
[Date "2019.08.30"]
[Round "9.4"]
[White "Toczek, G."]
[Black "Taylor, Adam C"]
[Result "1-0"]
[WhiteElo "2246"]
[BlackElo "2402"]
[PlyCount "81"]
[EventDate "2019.08.26"]

1. e4 c6 2. d4 d5 3. exd5 cxd5 4. c4 Nf6 5. Nc3 Nc6 6. Nf3 e6 7. cxd5 Nxd5 8.
Bd3 Be7 9. O-O O-O 10. Re1 Re8 11. a3 Nxc3 12. bxc3 b6 13. Bb5 Bb7 14. Ne5 Qc7
15. Qh5 Nxe5 16. Bxe8 Qxc3 17. Be3 Nf3+ 18. gxf3 Rxe8 19. Rec1 Qb2 20. Rab1 Qe2
21. Rc7 Bd5 22. Rbc1 g6 23. Qg4 Bxa3 24. Rc8 Bxc1 25. Rxe8+ Kg7 26. Qf4 Bxe3
27. Qe5+ Kh6 28. Qxe3+ Qxe3 29. fxe3 Bxf3 30. Re7 Kg7 31. Rxa7 b5 32. Ra6 Bd5
33. Rb6 Bc4 34. Kf2 g5 35. e4 f6 36. Kg3 Kg6 37. h4 gxh4+ 38. Kxh4 f5 39. d5
fxe4 40. d6 Kf6 41. Rb8 1-0

[Event "ECC"]
[Site "?"]
[Date "2019.11.10"]
[Round "1"]
[White "Young, A J."]
[Black "Slavin, G."]
[Result "1-0"]
[WhiteElo "2000"]
[BlackElo "2313"]
[PlyCount "91"]
[EventDate "2019.??.??"]

1. e4 e6 2. d4 d5 3. Nc3 Nf6 4. Bg5 Be7 5. e5 Ne4 6. Nxe4 dxe4 7. Bxe7 Qxe7 8.
Qe2 b6 9. O-O-O Bb7 10. g3 Nd7 11. Bg2 f5 12. exf6 Nxf6 13. Nh3 h6 14. Nf4 Qf7
15. Qb5+ Qd7 16. Nxe6 Qxb5 17. Nxc7+ Kd7 18. Nxb5 a6 19. Nc3 Rae8 20. Rhe1 Kd6
21. d5 Re5 22. Nxe4+ Nxe4 23. Rxe4 Rhe8 24. Rde1 Rxe4 25. Rxe4 Rf8 26. f4 Rf6
27. c4 b5 28. b3 bxc4 29. bxc4 g5 30. Bh3 Kc5 31. Kd2 Rb6 32. fxg5 hxg5 33. Kc3
Rh6 34. Bf1 a5 35. Re7 Ba6 36. Re6 Rxe6 37. dxe6 Bc8 38. Bh3 Bb7 39. Bg4 Bc6
40. h4 gxh4 41. gxh4 Be8 42. h5 Kd6 43. Kd4 a4 44. a3 Ke7 45. Ke5 Kf8 46. Kf6
1-0

[Event "4NCL rd 2 2019/20"]
[Site "?"]
[Date "2019.11.10"]
[Round "?"]
[White "Brown, Thomas"]
[Black "Dos Santos Oliveria, S."]
[Result "1-0"]
[WhiteElo "2095"]
[BlackElo "2267"]
[PlyCount "93"]
[EventDate "2019.??.??"]

1. c4 c6 2. e4 d5 3. exd5 cxd5 4. cxd5 Nf6 5. Nc3 g6 6. Bc4 Bg7 7. Nf3 O-O 8.
a4 b6 9. O-O Bb7 10. Qb3 Na6 11. Ne5 Qd6 12. d4 Nc7 13. Bf4 Ncxd5 14. Bg3 Qd8
15. a5 e6 16. a6 Bc8 17. Nc6 Qe8 18. Nxd5 exd5 19. Bxd5 Nxd5 20. Qxd5 Bd7 21.
Rac1 Bxc6 22. Rxc6 Rd8 23. Qf3 f5 24. Rc7 Rd7 25. Rxd7 Qxd7 26. Qb3+ Kh8 27.
Be5 f4 28. Bxg7+ Kxg7 29. Re1 Rf7 30. d5 Rf5 31. Rd1 f3 32. Qc3+ Kh6 33. Qe3+
Kg7 34. d6 fxg2 35. Qe7+ Rf7 36. Qe5+ Rf6 37. Rc1 Qxd6 38. Rc7+ Kf8 39. Qxd6+
Rxd6 40. Rxa7 b5 41. b4 Kg8 42. Kxg2 Rf6 43. f4 h6 44. Kf3 g5 45. Ra8+ Kg7 46.
a7 Ra6 47. f5 1-0

[Event "35th ECC Open 2019"]
[Site "Budva MNE"]
[Date "2019.11.11"]
[Round "2.18"]
[White "Vedder, R."]
[Black "Young, Al"]
[Result "1/2-1/2"]
[WhiteElo "2257"]
[BlackElo "2000"]
[PlyCount "111"]
[EventDate "2019.11.10"]
[WhiteTeam "En Passant"]
[BlackTeam "White Knights"]

1. d4 d5 2. c4 dxc4 3. Nf3 Nf6 4. e3 Bg4 5. Bxc4 e6 6. h3 Bh5 7. Nc3 Nc6 8. g4
Bg6 9. Qa4 Bd6 10. Bb5 O-O 11. Nh4 Be4 12. Nxe4 Nxe4 13. Nf3 Qf6 14. Ke2 Nb4
15. Bd2 Nxd2 16. Nxd2 c6 17. Ne4 Qe7 18. Nxd6 Qxd6 19. a3 Nd5 20. Bd3 e5 21.
Rad1 Rfe8 22. Be4 Nf6 23. Bb1 e4 24. g5 Nd5 25. Rhg1 Qe6 26. Rg3 a5 27. Rc1 Nb6
28. Qc2 a4 29. Kf1 Qd6 30. Kg2 Ra5 31. Rg4 Qg6 32. Rxe4 Rxg5+ 33. Kh1 Re6 34.
Rxe6 Qxe6 35. Qxh7+ Kf8 36. Rg1 Rxg1+ 37. Kxg1 Nc4 38. Ba2 b5 39. Qh8+ Ke7 40.
Qxg7 Qxh3 41. Bxc4 bxc4 42. Qe5+ Kd7 43. Qe4 Qh5 44. f3 Qb5 45. Qg4+ Ke7 46.
Qg2 c3 47. bxc3 Qb1+ 48. Kh2 Qh7+ 49. Qh3 Qc2+ 50. Kg3 Qxc3 51. Qh4+ Ke8 52.
Qh8+ Kd7 53. Qf6 Qxa3 54. Qxf7+ Qe7 55. Qf5+ Qe6 56. Qh7+ 1/2-1/2

[Event "ECC"]
[Site "?"]
[Date "2019.11.12"]
[Round "3.1"]
[White "Pleasants, Allan J"]
[Black "Borge, Nikolaj"]
[Result "1/2-1/2"]
[WhiteElo "2035"]
[BlackElo "2372"]
[PlyCount "135"]
[EventDate "2019.??.??"]

1. d4 d5 2. Nf3 Nf6 3. c4 e6 4. Nc3 c5 5. e3 a6 6. cxd5 exd5 7. Bd3 Bg4 8. h3
Bh5 9. Ne2 Nc6 10. Ne5 Bd6 11. Nxc6 bxc6 12. Qa4 Qb6 13. dxc5 Bxc5 14. O-O Bg6
15. Rd1 O-O 16. Qc2 Rac8 17. Rb1 Bd6 18. b4 Bb8 19. Bb2 Ne4 20. Bd4 Qd8 21. Nf4
Qh4 22. Nxg6 fxg6 23. Bxe4 dxe4 24. Qc4+ Kh8 25. Rb2 Qh5 26. Rbd2 a5 27. bxa5
Qxa5 28. Bc5 Rf5 29. Be7 Bc7 30. Qxc6 h6 31. Qxg6 Ra8 32. Rd7 Qe5 33. g3 Rc8
34. R1d2 Ba5 35. Rd1 Rf3 36. Bd8 Bb4 37. Bb6 Qb2 38. Rf1 Rc1 39. Rd8+ Bf8 40.
Qxh6+ gxh6 41. Bd4+ Qxd4 42. Rxd4 Rc2 43. a4 Ra2 44. Rxe4 Bd6 45. Rg4 Kh7 46.
h4 h5 47. Rg5 Kh6 48. a5 Be7 49. Re5 Bf6 50. Re6 Kg6 51. Kg2 Rf5 52. a6 Kf7 53.
Rc6 Be7 54. e4 Re5 55. Kf3 Re6 56. Rxe6 Kxe6 57. Kf4 Bc5 58. g4 Bxf2 59. gxh5
Bxh4 60. Kg4 Bf6 61. h6 Rxa6 62. h7 Ra8 63. Kh5 Be5 64. Rf5 Ba1 65. Kg6 Ra2 66.
e5 Rg2+ 67. Rg5 Rxg5+ 68. Kxg5 1/2-1/2

[Event "World Senior 50+ 2019"]
[Site "Bucharest ROU"]
[Date "2019.11.13"]
[Round "2.40"]
[White "Davis, Le"]
[Black "Dvoirys, S."]
[Result "1/2-1/2"]
[WhiteElo "1921"]
[BlackElo "2490"]
[PlyCount "46"]
[EventDate "2019.11.12"]

1. d4 Nf6 2. c4 g6 3. Nc3 d5 4. cxd5 Nxd5 5. e4 Nxc3 6. bxc3 Bg7 7. Nf3 c5 8.
h3 O-O 9. Be2 Nc6 10. Be3 Qa5 11. Bd2 e6 12. Qb3 Qb6 13. d5 exd5 14. exd5 Ne7
15. Bc4 Qxb3 16. axb3 Bd7 17. O-O b5 18. d6 bxc4 19. dxe7 Rfe8 20. bxc4 a5 21.
Ra3 Bf6 22. Bf4 Be6 23. Rfa1 Rac8 1/2-1/2

[Event "ECC"]
[Site "?"]
[Date "2019.11.14"]
[Round "5.1"]
[White "Bakalarz, Mietek"]
[Black "Pleasants, Allan J"]
[Result "1/2-1/2"]
[WhiteElo "2279"]
[BlackElo "2035"]
[PlyCount "108"]
[EventDate "2019.??.??"]

1. e4 g6 2. d4 Bg7 3. Nc3 d6 4. Bc4 a6 5. Bg5 Qd7 6. Qf3 e6 7. Rd1 Nc6 8. e5
Na5 9. Bd3 d5 10. h4 h6 11. Bf6 Nxf6 12. exf6 Bf8 13. Nh3 Nc6 14. Be2 b6 15. a3
Bb7 16. b4 Bd6 17. b5 Na5 18. a4 c6 19. bxc6 Bxc6 20. O-O Bc7 21. Rfe1 Qd6 22.
g3 Bb7 23. Nf4 O-O-O 24. Nd3 Nc4 25. Ne5 Nxe5 26. dxe5 Qc5 27. Nb1 Kb8 28. Qf4
g5 29. Qg4 gxh4 30. Qxh4 Qxc2 31. Qd4 Qc5 32. Bh5 Rd7 33. Nc3 Rc8 34. Ne2 Bd8
35. Rc1 Qa5 36. Rxc8+ Bxc8 37. Rc1 Bb7 38. Nf4 b5 39. axb5 Qxb5 40. Ne2 Bb6 41.
Qf4 d4 42. Bf3 Bxf3 43. Qxf3 d3 44. Nf4 d2 45. Rd1 Qxe5 46. Kg2 Qd6 47. Qc3 e5
48. Ne2 Qd5+ 49. f3 Ka7 50. Qc2 a5 51. g4 Be3 52. Ng3 Bf4 53. Ne4 Be3 54. Qc3
Bf4 1/2-1/2

[Event "ECC"]
[Site "?"]
[Date "2019.11.16"]
[Round "7.1"]
[White "Pleasants, Allan J"]
[Black "Hoffmann, Hendrik"]
[Result "1/2-1/2"]
[WhiteElo "2035"]
[BlackElo "2273"]
[PlyCount "82"]
[EventDate "2019.??.??"]

1. c4 c5 2. Nc3 Nc6 3. g3 Nf6 4. Bg2 g6 5. Nf3 Bg7 6. O-O O-O 7. d4 cxd4 8.
Nxd4 Nxd4 9. Qxd4 d6 10. Qd3 Bf5 11. e4 Be6 12. Bd2 Nd7 13. b3 Ne5 14. Qe2 Qd7
15. Rac1 Bh3 16. Nd5 Bxg2 17. Kxg2 e6 18. Nf4 Qc6 19. Nd3 Nxd3 20. Qxd3 f5 21.
f3 Rad8 22. Be3 Rd7 23. Rfd1 a6 24. Bf4 Rfd8 25. Bg5 Re8 26. Bf4 Bf8 27. Rc2
Be7 28. exf5 gxf5 29. Re1 Bf6 30. Rce2 d5 31. cxd5 Rxd5 32. Qb1 Kf7 33. Rc1 Qb5
34. Rc7+ Re7 35. Rec2 Rdd7 36. Qc1 Rxc7 37. Bxc7 Qd3 38. Rd2 Qc3 39. Rc2 Qd3
40. Rd2 Qc3 41. Rc2 Qd3 1/2-1/2

[Event "London Classic Open 2019"]
[Site "London ENG"]
[Date "2019.11.29"]
[Round "1.35"]
[White "Jukes, Sam"]
[Black "Zapolskis, A."]
[Result "1/2-1/2"]
[WhiteElo "1899"]
[BlackElo "2280"]
[PlyCount "141"]
[EventDate "2019.11.29"]

1. e4 c5 2. Nf3 Nc6 3. d4 cxd4 4. Nxd4 Nf6 5. Nc3 e5 6. Ndb5 d6 7. Bg5 a6 8.
Na3 b5 9. Nd5 Be7 10. Bxf6 Bxf6 11. c3 g6 12. Nc2 O-O 13. a4 bxa4 14. Rxa4 Bg5
15. Bc4 Na5 16. Ba2 Bd7 17. Ra3 Nb7 18. b4 a5 19. O-O axb4 20. cxb4 Rxa3 21.
Nxa3 Kh8 22. Qa1 Bh6 23. Nc4 Bb5 24. Bb3 f5 25. exf5 gxf5 26. f4 Bg7 27. Qa7
Bc6 28. Rd1 exf4 29. Nxf4 Qg5 30. Qf2 Re8 31. Na5 Nxa5 32. bxa5 Be5 33. g3 Rb8
34. Bf7 Rb2 35. Qe3 Be4 36. Ng6+ Qxg6 37. Bxg6 Rg2+ 38. Kf1 Rxh2 39. Bxf5 Bxf5
40. Rxd6 Bh3+ 41. Kg1 Rg2+ 42. Kh1 Bxd6 43. Qd4+ Kg8 44. Qxd6 Re2 45. Qf4 Be6
46. a6 Ra2 47. a7 Bd5+ 48. Kg1 h6 49. Qe5 Kh7 50. Qf5+ Kh8 51. Qxd5 Rxa7 52.
Kh2 Rg7 53. Qf5 Rg5 54. Qf3 Kh7 55. Kh3 Kg7 56. Kh4 Kg6 57. g4 Kg7 58. Qe4 Kg8
59. Qe7 Kh8 60. Kg3 Rg7 61. Qf8+ Kh7 62. Kf4 Rg5 63. Qe7+ Kg8 64. Kf3 Kh8 65.
Qd6 Kh7 66. Kf4 Kg7 67. Qe6 Kh7 68. Qf6 Rg7 69. Kg3 Rg5 70. Kh4 Rg7 71. Kg3
1/2-1/2